00215 a2200097 450000100060000008200170000610000180002324500310004125000060007226000390007862548 a620.0042 GAR aGarratt James aDesign and technology, 2/e a2 aGBbOxford University Pressc1996